|
|
|
|
| LEADER |
00684nam a22001932a 4500 |
| 001 |
000946862 |
| 003 |
CZ BrMZK |
| 005 |
20090819094158.0 |
| 007 |
ta |
| 008 |
090616s1967 ru er|||||||||||rus d |
| 040 |
|
|
|a BOA001
|b cze
|
| 100 |
1 |
|
|a Žarov, Aleksandr Aleksejevič,
|d 1904-1984
|7 kup20010000115264
|4 aut
|
| 245 |
1 |
0 |
|a Poety "Pravdy" :
|b stichotvorenija 1912-1922 /
|c A.A. Žarov ; predisl. A. Dymšica ; biograf. spravki podgot. N. Os'makov
|
| 260 |
|
|
|a Moskva :
|b Chudožestvennaja literatura,
|c 1967
|
| 300 |
|
|
|a 342 s.
|
| 910 |
|
|
|a BOA001
|b 1-0599.661
|
| 990 |
|
|
|a BK
|
| 991 |
|
|
|b 200906
|
| 996 |
7 |
|
|b 2619481795
|c 1-0599.661
|l MZK
|r Sklad / do 1 hodiny
|n 0
|w 000946862
|u 000010
|a 1
|e BOA001
|j MZK50
|s A
|